Państwa na 7 liter - Statystyki

Ogólne statystyki
  • Ten quiz został rozwiązany 23 razy
  • Średni wynik to 27 z 33
Statystyki odpowiedzi
Odpowiedź % Poprawnych
Austria
100%
Japonia
100%
Armenia
94%
Ekwador
94%
Erytrea
94%
Estonia
94%
Francja
94%
Ukraina
94%
Albania
89%
Etiopia
89%
Tunezja
89%
Urugwaj
89%
Wietnam
89%
Boliwia
83%
Dżibuti
83%
Grenada
83%
Kamerun
83%
Szwecja
83%
Bahrajn
78%
Namibia
78%
Nigeria
78%
Senegal
78%
Somalia
78%
Surinam
78%
Watykan
78%
Jamajka
72%
Rumunia
72%
Burundi
67%
Lesotho
67%
Vanuatu
67%
Liberia
61%
Malezja
56%
Seszele
56%
Nie znaleziono quizów pasujących do podanych kryteriów
Rozkład punktacji
Procent ludzi z każdym wynikiem
Percentyl według liczby udzielonych odpowiedzi
Twoja historia wyników
Nie rozwiązałeś tego quizu